Statistiche per Scene da film #6

Clicka qui per fare il quiz!

Statistiche generali

  • Questo quiz è stato fatto 166 volte
  • Il punteggio medio è 9 su 16

Statistiche sulle risposte

Risposta% Corretto
It
100%
Titanic
92%
300
82%
Bohemian Rhapsody
66%
Animali fantastici e dove trovarli
65%
La febbre del sabato sera
55%
Shutter Island
55%
Via col vento
53%
Twilight
50%
Notting Hill
49%
Psycho
46%
Balla coi lupi
45%
Basic Instinct
45%
Harry ti presento Sally
45%
Blade Runner
41%
Il cacciatore
26%

Distribuzione punteggi

Percentile per numero di risposta

Percentuale di utenti per punteggio

I tuoi punteggi nel tempo

Non hai fatto questo quiz